Rozpočtová sústava
Salvato in:
| Autore principale: | |
|---|---|
| Ente Autore: | |
| Altri autori: | , |
| Natura: | Libro |
| Lingua: | slovacco |
| Pubblicazione: |
Bratislava
Vydavateľstvo Ekonóm
1997
|
| Edizione: | 2. vyd. |
| Soggetti: | |
| Tags: |
Nessun Tag, puoi essere il primo ad aggiungerne!!
|
MARC
| LEADER | 00000nam a2200000 4500 | ||
|---|---|---|---|
| 001 | c020029 | ||
| 005 | 20221214071727.4 | ||
| 020 | |a 80-225-0887-X | ||
| 041 | 0 | |a slo | |
| 044 | |a SK | ||
| 245 | 1 | 0 | |a Rozpočtová sústava |c Juraj Lipták a kolektív |
| 250 | |a 2. vyd. | ||
| 264 | 1 | |a Bratislava |b Vydavateľstvo Ekonóm |c 1997 | |
| 300 | |a 306 s. | ||
| 610 | 2 | 0 | |a sústava rozpočtová |
| 610 | 2 | 0 | |a sektor verejný |
| 610 | 2 | 0 | |a rozpočet štátny |
| 610 | 2 | 0 | |a dlhy štátne |
| 610 | 2 | 0 | |a rozpočet miestny |
| 610 | 2 | 0 | |a fondy účelové |
| 610 | 2 | 0 | |a Slovensko |
| 610 | 2 | 0 | |a ČSR |
| 610 | 2 | 0 | |a ČSFR |
| 100 | 1 | |a Lipták, Juraj | |
| 700 | 1 | |a Beňová, Elena | |
| 700 | 1 | |a Neubauerová, Elena | |
| 710 | 2 | |a Ekonomická univerzita v Bratislave. Podnikovohospodárska fakulta so sídlom v Košiciach | |